|
|
|
|
| LEADER |
01973nam a2200481 a 4500 |
| 001 |
EBC835659 |
| 003 |
MiAaPQ |
| 005 |
20200520144314.0 |
| 006 |
m o d | |
| 007 |
cr cn||||||||| |
| 008 |
931221s1994 aluab sb 001 0 eng d |
| 010 |
|
|
|z 93048178
|
| 020 |
|
|
|z 0817307087 (alk. paper)
|
| 020 |
|
|
|z 9780817356682
|
| 020 |
|
|
|a 9780817385613 (electronic bk.)
|
| 035 |
|
|
|a (MiAaPQ)EBC835659
|
| 035 |
|
|
|a (Au-PeEL)EBL835659
|
| 035 |
|
|
|a (CaPaEBR)ebr10527822
|
| 035 |
|
|
|a (OCoLC)772845370
|
| 040 |
|
|
|a MiAaPQ
|c MiAaPQ
|d MiAaPQ
|
| 043 |
|
|
|a n-us-al
|
| 050 |
|
4 |
|a HD9519.S68
|b L49 1994
|
| 082 |
0 |
4 |
|a 338.7/6722/09761781
|2 20
|
| 100 |
1 |
|
|a Lewis, W. David
|q (Walter David),
|d 1931-
|
| 245 |
1 |
0 |
|a Sloss Furnaces and the rise of the Birmingham district
|h [electronic resource] :
|b an industrial epic /
|c W. David Lewis.
|
| 260 |
|
|
|a Tuscaloosa :
|b University of Alabama Press,
|c c1994.
|
| 300 |
|
|
|a xxiv, 645 p. :
|b ill., maps.
|
| 490 |
1 |
|
|a History of American science and technology series
|
| 504 |
|
|
|a Includes bibliographical references and index.
|
| 533 |
|
|
|a Electronic reproduction. Ann Arbor, MI : ProQuest, 2015. Available via World Wide Web. Access may be limited to ProQuest affiliated libraries.
|
| 610 |
2 |
0 |
|a Sloss Furnace Company
|x History.
|
| 610 |
2 |
0 |
|a Sloss Furnaces National Historic Landmark
|x History.
|
| 650 |
|
0 |
|a Iron industry and trade
|z Alabama
|z Birmingham
|x History.
|
| 650 |
|
0 |
|a Iron foundries
|z Alabama
|z Birmingham
|x History.
|
| 650 |
|
0 |
|a Iron founding
|z Alabama
|z Birmingham
|x History.
|
| 650 |
|
0 |
|a Iron
|x Metallurgy.
|
| 650 |
|
0 |
|a Industries
|z Alabama
|z Birmingham
|x History.
|
| 651 |
|
0 |
|a Birmingham (Ala.)
|x Economic conditions.
|
| 651 |
|
0 |
|a Birmingham (Ala.)
|x Social conditions.
|
| 655 |
|
4 |
|a Electronic books.
|
| 710 |
2 |
|
|a ProQuest (Firm)
|
| 830 |
|
0 |
|a History of American science and technology series.
|
| 856 |
4 |
0 |
|u https://ebookcentral.proquest.com/lib/matrademy/detail.action?docID=835659
|z Click to View
|